If Movie Characters Had Google II Quiz Stats

Quiz Updated Mar 27, 2012

Challenge
Share
Tweet
Embed
Score 0/24 Timer 06:00
3 Plays Today
Google search Movie % Correct
Is the T-Rex's vision based on movement?Jurassic Park
85.6%
Directions to Emerald CityThe Wizard of Oz
84.9%
How to get the precious backThe Lord of the Rings
82.5%
Using a Speak n' Spell to phone homeE.T. the Extra-Terrestrial
77.3%
Querying friends colloquially in order to locate my vehicleDude, Where's My Car?
73.4%
What happens if I take the red pill?The Matrix
72.4%
Tips for learning to handle the truthA Few Good Men
65.5%
Is there crying in baseball?A League of Their Own
64.5%
Stopping enchanted mops and bucketsFantasia
64%
42 Wallaby Way, SydneyFinding Nemo
63.3%
All the gin joints in all the towns in all the worldCasablanca
60%
Reversing the odometer on a 1961 Ferrari 250 GTFerris Bueller's Day Off
58.4%
Google search Movie % Correct
Learning about inflection- was he talkin' to me?Taxi Driver
58.3%
Subduing three headed guard dogsHarry Potter and the Sorcerer's Stone
55.9%
Disabling sentient, psychotic, homicidal, space ship computers2001: A Space Odyssey
52.5%
What to do when the dog bites or the bee stingsThe Sound of Music
51.9%
Childhood ailments that cause spinning heads, pea soupThe Exorcist
51.7%
What does Marcellus Wallace look like?Pulp Fiction
51.2%
What happens when an angel gets its wings?It's a Wonderful Life
50.5%
Rhinoplasty for woodPinocchio
42.2%
How to be somebody/How to be a contenderOn the Waterfront
40.7%
What hand signal do the Germans use for '3'?Inglourious Basterds
39%
What is this green 'high energy vegetable concentrate' made of'?Soylent Green
36.9%
Can a 1950s fridge save you from a nuclear explosion?Indiana Jones and the Kingdom of the Crystal Skull
36%

You're not logged in!

Compare scores with friends on all Sporcle quizzes.
Sign Up with Email
OR
Log In

You Might Also Like...

Show Comments

Extras

Top Quizzes Today


Score Distribution

Your Account Isn't Verified!

In order to create a playlist on Sporcle, you need to verify the email address you used during registration. Go to your Sporcle Settings to finish the process.

Report this User

Report this user for behavior that violates our Community Guidelines.

Details: